Click a Mary Quiz Stats

 Plays Quiz Updated Jul 28, 2014

Support Sporcle.
Go Orange.
Score 0/16 Timer 03:00
0 Plays Today
% Correct
Magdalene
92.6%
Tyler Moore
87.2%
J. Blige
86.7%
Shelley
84.6%
Boleyn
79.5%
Kay Ash
75.6%
Todd
73.5%
Tudor
65.7%
% Correct
Higgins Clark
65.6%
Pickford
61%
Stuart
55.1%
Travers
50.4%
Wollstonecraft
48.3%
Quant
41%
Astor
37.9%
Lyon
24.7%

You're not logged in!

Compare scores with friends on all Sporcle quizzes.
OR
Log In

From the Vault

4-Letter Word by Pattern

by suspence

You'll be amazed at how quickly your brain picks up letter patterns.
Remove Ads.
Support Sporcle.
Get the best of Sporcle when you Go Orange. This ad-free experience offers more features, more stats, and more fun while also helping to support Sporcle. Thank you for becoming a member.

Show Comments

Extras

Top Quizzes Today


Score Distribution

Your Account Isn't Verified!

In order to create a playlist on Sporcle, you need to verify the email address you used during registration. Go to your Sporcle Settings to finish the process.

Report this User

Report this user for behavior that violates our Community Guidelines.

Details: